| 000 | 00501nam a22001817a 4500 | ||
|---|---|---|---|
| 003 | CEME | ||
| 005 | 20210628202750.0 | ||
| 008 | 210204b xxu||||| |||| 00| 0 eng d | ||
| 020 | _a0-85142-346-9 | ||
| 040 | _c. | ||
| 082 | _a020 PED | ||
| 100 |
_aCorrall, Sheila _961508 |
||
| 245 | _aStrategic management of information services, a planning handbook | ||
| 260 |
_aUK _bASLIB-IMI _c2000 |
||
| 300 | _aXIV,363P | ||
| 650 |
_aSTRATEGIC MANAGEMENT - INFORMATION SERVICES _961509 |
||
| 942 |
_cBK _2ddc |
||
| 999 |
_c570940 _d570940 |
||